Profesijná rodová segregácia v oblasti informačných technológií
Segregácia predstavuje mechanizmus nerovnosti a ak je konceptualizovaná ako koncentrácia pohlaví v pracovných entitách, kde dominuje jedno pohlavie, tak sa označuje rodovou segregáciou. Rodová segregácia má viacero foriem medzi ktoré patrí aj profesijná rodová segregácia. Táto segregácia vedie ku na...
Saved in:
| Main Author: | |
|---|---|
| Other Authors: | |
| Format: | Book Chapter |
| Language: | Slovak |
| Subjects: | |
| Tags: |
No Tags, Be the first to tag this record!
|
MARC
| LEADER | 00000naa$a2200000$$$4500 | ||
|---|---|---|---|
| 001 | 0290389 | ||
| 005 | 20240502074449.7 | ||
| 041 | 0 | |a slo | |
| 044 | |a SK | ||
| 245 | 1 | 0 | |a Profesijná rodová segregácia v oblasti informačných technológií |c Diana Bednarčíková, Jakub Harman |
| 520 | |a Segregácia predstavuje mechanizmus nerovnosti a ak je konceptualizovaná ako koncentrácia pohlaví v pracovných entitách, kde dominuje jedno pohlavie, tak sa označuje rodovou segregáciou. Rodová segregácia má viacero foriem medzi ktoré patrí aj profesijná rodová segregácia. Táto segregácia vedie ku nadmernému zastúpeniu žien v menej platených odvetviach a povolaniach s nižším postavením, podceňovaniu žien, menším príležitostiam na kariérny postup a taktiež to má účinok na problémy trhu práce. Cieľom vedeckého príspevku je preskúmanie rodovej segregácie v povolaniach v oblasti informačných technológií. | ||
| 610 | 2 | 0 | |a trh práce |
| 610 | 2 | 0 | |a technológie informačné |
| 610 | 2 | 0 | |a zamestnanie |
| 610 | 2 | 0 | |a príležitosť pracovná |
| 610 | 2 | 0 | |a povolanie |
| 610 | 2 | 0 | |a segregácia |
| 610 | 2 | 0 | |a ženy |
| 610 | 2 | 0 | |a diskriminácia rodová |
| 610 | 2 | 0 | |a platy |
| 100 | 1 | |a Bednarčíková, Diana, 1996- | |
| 700 | 1 | |a Harman, Jakub, 1996- | |